000
00323nam a2200133Ia 4500
005
20260326235449.0
008
260326s9999||||xx |||||||||||||| ||und||
100
_a
Papadaki, Stamo
245
4
_a
The Work of Oscar Niemeyer /
_c
Stamo Papadaki
260
_b
Reinhold
300
_a
220 p.
650
_a
ARQUITECTOS
942
_c
BK
999
_c
7681
_d
7681